01202nam a2200265 a 4500001001300000003000900013005001700022008004100039020001800080040003200098041001300130082003400143100005700177240004800234245018000282260008400462300002000546490005300566500005000619504003800669655011600707700003300823700002600856830005400882000000377268IT-MiSPE20180505174117.0091123s2009 it 001 0 ita d a9788870946376 aIT-MiSPEbitadipcIT-MiSPE1 aitahlat a270.008-SCh.it CIP ca (23108)1 aCyprianus, Thascius Caecilius,cs.,dfl. ca.200-258.10aDe opere et eleemosynis.lLatino e italiano13aLa beneficenza e le elemosine (De opere et eleemosynis) /cCipriano di Cartagine ; introduzione, testo critico, note e indice di Michel Poirier ; traduzione di Attilio Carpin. aRoma :bEdizioni San Clemente ;aBologna :bEdizioni Studio Domenicano,c2009. a253 p. ;c20 cm1 aSources chrétiennes.aEdizione italiana ;v007 aTraduzione italiana con testo latino a fronte aBibliografia (p. [7]-15) e indici 7aPatrologia latina (eccetto Augustinus, Aurelius, s.)xCyprianus, Thascius Caecilius, s., fl. ca.200-258.2local1 aCarpin, Attilio,co.p.,etr.1 aPoirier, Michel,eed. 0aSources chrétiennes.pEdizione italiana ;v007.